Cooking with Helen McCully beside you /

Bibliographic Details
Main Author: McCully, Helen
Format: Book
Language:English
Published: New York : Random House, [1970]
Subjects:

MARC

Tag First Indicator Second Indicator Subfields
LEADER 00000cam a2200000 4500
001 in00001997151
005 20190207100755.0
008 700916s1970 nyua 001 0 eng
010 |a  79102296  
035 |a (OCoLC)ocm00092852 
040 |a DLC  |c DLC  |d TXA  |d UtOrBLW 
049 |a TXAM 
050 0 0 |a TX715  |b .M1362 1970 
082 0 |a 641.5 
100 1 |a McCully, Helen. 
245 1 0 |a Cooking with Helen McCully beside you /  |c by Helen McCully. 
264 1 |a New York :  |b Random House,  |c [1970] 
264 4 |c ©1970 
300 |a x, 320 pages :  |b illustrations ;  |c 18 x 25 cm. 
336 |a text  |b txt  |2 rdacontent 
337 |a unmediated  |b n  |2 rdamedia 
338 |a volume  |b nc  |2 rdacarrier 
500 |a The Cushing Library/Chapman Texas Collection copy is part of the Floyd & Louise Chapman Texas & Borderlands Collection.  |5 TXA 
500 |a Includes index. 
500 |a "The Texas Cookbook Collection." 
536 |a From the cookery collection of Jean and James Presnal '49, September 2004. 
536 |a The Cushing Library/Texas & Borderlands copy was donated by Bonnie and John Kamenar. 
650 0 |a Cooking. 
650 0 |a Cooking, American. 
948 |a cataloged  |b h  |c 2004/9/27  |d c  |e mphillip  |f 7:32:26 pm 
994 |a E0  |b TXA 
999 |a MARS 
999 f f |s 09028500-3f58-3ffb-9686-991b9f7248ac  |i 02f61cc9-e34b-343a-b2e0-a65b1274a9c5  |t 0 
952 f f |p noncirc  |a Texas A&M University  |b College Station  |c Cushing Memorial Library & Archives  |d Cushing: Chapman Texas Collection (Does not check out)  |t 0  |e TX715 .M1362 1970  |h Library of Congress classification  |i unmediated -- volume 
998 f f |a TX715 .M1362 1970  |t 0  |l Cushing: Chapman Texas Collection (Does not check out)